التقييد و الإيضاح لما أطلق و أغلق من مقدمة إبن الصلاح : (رقم التسجيلة. 16841)

تفاصيل مارك
000 -LEADER
fixed length control field 00820nam a22002057a 4500
005 - DATE AND TIME OF LATEST TRANSACTION
control field 20251108164906.0
008 - FIXED-LENGTH DATA ELEMENTS--GENERAL INFORMATION
fixed length control field 250721s1997 xx 000 0 ara d
082 14 - DEWEY DECIMAL CLASSIFICATION NUMBER
Classification number 213/عرا
100 1# - MAIN ENTRY--PERSONAL NAME
Personal name العراقي، أبو الفضل عبد الرحمن ... الكردي
245 10 - TITLE STATEMENT
Title التقييد و الإيضاح لما أطلق و أغلق من مقدمة إبن الصلاح :
Remainder of title شرح علوم الحديث مقدمة إبن الصلاح /
250 ## - EDITION STATEMENT
Edition statement ط5.
264 1# - PRODUCTION, PUBLICATION, DISTRIBUTION, MANUFACTURE, AND COPYRIGHT NOTICE
Place of production, publication, distribution, manufacture بيروت :
Name of producer, publisher, distributor, manufacturer مؤسسة الكتب الثقافية،
Date of production, publication, distribution, manufacture, or copyright notice 1997.
300 ## - PHYSICAL DESCRIPTION
Extent 453ص
650 17 - SUBJECT ADDED ENTRY--TOPICAL TERM
Topical term or geographic name as entry element الحديث الشريف
650 17 - SUBJECT ADDED ENTRY--TOPICAL TERM
Topical term or geographic name as entry element علوم الحديث
650 17 - SUBJECT ADDED ENTRY--TOPICAL TERM
Topical term or geographic name as entry element تفسير الحديث
700 1# - ADDED ENTRY--PERSONAL NAME
Personal name إبن الصلاح، تقي الدين أبو عمر عثمان ... الدمشقي
942 ## - ADDED ENTRY ELEMENTS (KOHA)
Source of classification or shelving scheme Dewey Decimal Classification
Koha item type كتب
المقتنيات
حالة السحب حالة الفقدان مصدر التصنيف حالة التلف غير قابل للإعارة المكتبة الرئيسية المكتبة الحالية موقع الرف تاريخ التزويد الرقم المتسلسل Total Checkouts رقم الإستدعاء الباركود تاريخ آخر ظهور تاريخ الفاتورة نوع المادة (كوها)
    Dewey Decimal Classification     مكتبة أبو علندا العامة مكتبة أبو علندا العامة الإعارة 06/07/2004 535403   213/عرا 535403 28/07/2025 06/07/2004 كتب
    Dewey Decimal Classification     مكتبة أم قصير والمقابلين العامة مكتبة أم قصير والمقابلين العامة الإعارة 06/07/2004 535402   213/عرا 535402 28/07/2025 06/07/2004 كتب
    Dewey Decimal Classification     مكتبة الأميرة ايمان العامة مكتبة الأميرة ايمان العامة الإعارة 06/07/2004 535394   213/عرا 535394 28/07/2025 06/07/2004 كتب
    Dewey Decimal Classification     مكتبة الأميرة سلمى مكتبة الأميرة سلمى الإعارة 07/10/2015 1469640   213/عرا PLD00353164 28/07/2025 07/10/2015 كتب
    Dewey Decimal Classification Unchecked   مكتبة الاميرة بديعة مكتبة الاميرة بديعة الإعارة 06/07/2004 535397   213/عرا   28/07/2025 06/07/2004 كتب
    Dewey Decimal Classification     مكتبة الجويدة مكتبة الجويدة الإعارة 06/07/2004 535398   213/عرا 535398 28/07/2025 06/07/2004 كتب
    Dewey Decimal Classification     مكتبة الحسن العامة مكتبة الحسن العامة الإعارة 06/07/2004 535399   213/عرا 535399 28/07/2025 06/07/2004 كتب
    Dewey Decimal Classification     مكتبة النصر العامة مكتبة النصر العامة الإعارة 06/07/2004 535405   213/عرا 535405 28/07/2025 06/07/2004 كتب
    Dewey Decimal Classification     مكتبة حمزة العامة مكتبة حمزة العامة الإعارة 06/07/2004 535400   213/عرا 535400 28/07/2025 06/07/2004 كتب
    Dewey Decimal Classification     مكتبة صويلح العامة مكتبة صويلح العامة الإعارة 06/07/2004 535395   213/عرا 535395 28/07/2025 06/07/2004 كتب
    Dewey Decimal Classification Unchecked   مكتبة وادي السير العامة مكتبة وادي السير العامة الإعارة 06/07/2004 535404   213/عرا   28/07/2025 06/07/2004 كتب
Implemented & Customized by: BBB with SCIT (Smart Chains for Information Technology)

Powered by Koha